| 000 | 00697nam a22001817a 4500 | ||
|---|---|---|---|
| 003 | BUBTL | ||
| 008 | 190707b xxu||||| |||| 00| 0 eng d | ||
| 020 | _a978-984-8765--37-1 | ||
| 082 | _a954.92 / MUM | ||
| 100 |
_92367 _aমুরশিদ, গোলাম |
||
| 245 |
_aমুক্তিযুদ্ধ ও তারপর : _bএকটি নির্দলীয় ইতিহাস / _cগোলাম মুরশিদ |
||
| 260 |
_aঢাকা : _bপ্রথমা প্রকাশন _cc2013 |
||
| 300 |
_a263 p. : _c22 cm. |
||
| 650 | 0 |
_91755 _aমুক্তিযুদ্ধ |
|
| 856 |
_k0 _l0 _yDownload |
||
| 942 |
_2ddc _cBK |
||
| 999 |
_c6092 _d6092 |
||